| 000 | 00380nam a2200145Ia 4500 | ||
|---|---|---|---|
| 005 | 20251222175916.0 | ||
| 008 | 251222s9999||||xx |||||||||||||| ||spa|| | ||
| 020 | _a9788555231964 | ||
| 082 | _a340.2/R75 | ||
| 100 | _aRodríguez Chávez, Reyler | ||
| 245 | 0 | _aAnais do II Congreso Latinoamericano por la Paz | |
| 250 | _a1ra.ed. | ||
| 264 | _bInstituto Memória | ||
| 942 | _cLIB | ||
| 999 |
_c40472 _d40472 |
||